000 01255nam a2200181Ia 4500
008 151202s9999||||xx |||||||||||||| ||und||
082 _bPNVM-121347
100 _aसंपा-नारायणशास्त्री जोशी आंजर्लेकर
245 _aविनायकविजयग्रंथ-श्रीगणेशाचे सात अवतार यांचेचरित्रवर्णन-ओवीबद्ध.
260 _b"नारायणशास्त्री जोशी -आंजर्लेकर,रत्नागिरी."
260 _c1901
300 _a119
600 _aसंपा-नारायणशास्त्री जोशी आंजर्लेकर
630 _aविनायकविजयग्रंथ-श्रीगणेशाचे सात अवतार यांचेचरित्रवर्णन-ओवीबद्ध.
700 _aसंपा-नारायणशास्त्री जोशी आंजर्लेकर
730 _aविनायकविजयग्रंथ-श्रीगणेशाचे सात अवतार यांचेचरित्रवर्णन-ओवीबद्ध.
942 _cBOOK
999 _c1351476
_d1351473